Моделирование процесса импульсного лазерного спекания порошковых материалов; Математика в естественнонаучных исследованиях

書目詳細資料
Parent link:Математика в естественнонаучных исследованиях.— 2014.— [С. 155-160]
主要作者: Сапрыкин А. А. Александр Александрович
Corporate Authors: Национальный исследовательский Томский политехнический университет (ТПУ) Юргинский технологический институт (филиал) (ЮТИ) Кафедра металлургии и черных металлов (МЧМ), Национальный исследовательский Томский политехнический университет (ТПУ) Юргинский технологический институт (филиал) (ЮТИ) Кафедра технологии машиностроения (ТМС)
其他作者: Сапрыкина Н. А. Наталья Анатольевна, Ибрагимов Е. А. Егор Артурович
總結:Заглавие с титульного экрана
語言:俄语
出版: 2014
叢編:Математическое моделирование технических и эколого-экономических систем
主題:
在線閱讀:http://earchive.tpu.ru/handle/11683/69560
http://www.lib.tpu.ru/fulltext/c/2014/C80/048.pdf
格式: 電子 Book Chapter
KOHA link:https://koha.lib.tpu.ru/cgi-bin/koha/opac-detail.pl?biblionumber=609173

MARC

LEADER 00000naa2a2200000 4500
001 609173
005 20231221091930.0
035 |a (RuTPU)RU\TPU\conf\6620 
035 |a RU\TPU\conf\6619 
090 |a 609173 
100 |a 20141028d2014 k y0rusy50 ca 
101 0 |a rus 
102 |a RU 
105 |a y z 101zy 
135 |a drgn ---uucaa 
181 0 |a i  
182 0 |a b 
200 1 |a Моделирование процесса импульсного лазерного спекания порошковых материалов  |f А. А. Сапрыкин, Н. А. Сапрыкина, Е. А. Ибрагимов 
203 |a Текст  |c электронный 
225 1 |a Математическое моделирование технических и эколого-экономических систем 
300 |a Заглавие с титульного экрана 
320 |a [Библиогр.: с. 159-160 (15 назв.)] 
337 |a Adobe Reader 
463 1 |0 (RuTPU)RU\TPU\conf\6235  |t Математика в естественнонаучных исследованиях  |o сборник трудов Всероссийской научно-практической конференции молодых ученых, аспирантов и студентов, г. Юрга, 9-10 октября 2014 г.  |f Томский политехнический университет (ТПУ), Юргинский технологический институт (ЮТИ) ; ред. кол. О. Б. Березовская и др.  |v [С. 155-160]  |d 2014 
610 1 |a труды учёных ТПУ 
610 1 |a электронный ресурс 
610 1 |a моделирование процесса 
610 1 |a импульсное спекание 
610 1 |a лазерное спекание 
610 1 |a порошковые материалы 
610 1 |a лазерное излучение 
610 1 |a лазерный синтез 
700 1 |a Сапрыкин  |b А. А.  |c специалист в области машиностроения  |c заведующий кафедрой Юргинского технологического института (филиала) Томского политехнического университета, кандидат технических наук  |f 1977-  |g Александр Александрович  |3 (RuTPU)RU\TPU\pers\24241  |9 10727 
701 1 |a Сапрыкина  |b Н. А.  |c специалист в области машиностроения  |c доцент Юргинского технологического иститута (филиала) Томского политехнического университета, кандидат технических наук  |f 1977-  |g Наталья Анатольевна  |3 (RuTPU)RU\TPU\pers\26502  |9 12204 
701 1 |a Ибрагимов  |b Е. А.  |c специалист в области машиностроения  |c старший преподаватель Юргинского технологического института (филиала) Томского политехнического университета, кандидат технических наук  |f 1983-  |g Егор Артурович  |3 (RuTPU)RU\TPU\pers\27431  |9 12741 
712 0 2 |a Национальный исследовательский Томский политехнический университет (ТПУ)  |b Юргинский технологический институт (филиал) (ЮТИ)  |b Кафедра металлургии и черных металлов (МЧМ)  |3 (RuTPU)RU\TPU\col\18892 
712 0 2 |a Национальный исследовательский Томский политехнический университет (ТПУ)  |b Юргинский технологический институт (филиал) (ЮТИ)  |b Кафедра технологии машиностроения (ТМС)  |3 (RuTPU)RU\TPU\col\18902 
801 2 |a RU  |b 63413507  |c 20220216  |g RCR 
856 4 |u http://earchive.tpu.ru/handle/11683/69560 
856 4 |u http://www.lib.tpu.ru/fulltext/c/2014/C80/048.pdf 
942 |c BK